{"text_format":"3","workbook":"xlsx","n_sheets":1,"sheets":["t501"],"read":"whole","date_system":"1900"}

{"sheet":"t501","index":0,"n_rows":197,"n_cols":7,"rows_kept":197,"merged":[[0,0,0,6],[30,0,30,5],[44,0,44,5],[146,0,146,5]]}
["TABELA 501.1 - Estatísticas Agrícolas, Município de Salto, Estado de São Paulo, 2007/08."]
["ITEM","UNIDADE","N.DE UPAs","MÍNIMO","MÉDIO","MÁXIMO","TOTAL"]
["Distância à sede do município","km",158,{"v":1,"d":"1.0"},{"v":7.69,"d":"7.7"},{"v":18,"d":"18.0"},"-"]
["Área total","hectare",158,1.3,{"v":36.35,"d":"36.4"},501.4,{"v":5743.2,"d":"5,743.2"}]
["Área com cultura perene","hectare",25,0.2,{"v":2.52,"d":"2.5"},{"v":12,"d":"12.0"},63.1]
["Área com cultura temporária","hectare",75,0.1,23.9,{"v":214,"d":"214.0"},{"v":1792.2,"d":"1,792.2"}]
["Área com pastagem","hectare",107,0.3,{"v":24.07,"d":"24.1"},347.4,{"v":2575.7,"d":"2,575.7"}]
["Área com reflorestamento","hectare",23,0.5,{"v":12.07,"d":"12.1"},{"v":121,"d":"121.0"},277.5]
["Área com vegetação natural","hectare",106,0.1,{"v":5.06,"d":"5.1"},76.5,536.2]
["Área com vegetação de brejo e várzea","hectare",5,0.1,{"v":1.52,"d":"1.5"},{"v":3,"d":"3.0"},7.6]
["Área em descanso","hectare",49,0.1,{"v":6.21,"d":"6.2"},{"v":70,"d":"70.0"},304.2]
["Área complementar","hectare",143,0.1,{"v":1.31,"d":"1.3"},{"v":14,"d":"14.0"},186.7]
["Área das UPAs com (0, 1] ha","hectare","-","-","-","-","-"]
["Área das UPAs com (1, 2] ha","hectare",5,1.3,{"v":1.68,"d":"1.7"},{"v":2,"d":"2.0"},8.4]
["Área das UPAs com (2, 5] ha","hectare",32,2.2,{"v":3.67,"d":"3.7"},4.9,117.4]
["Área das UPAs com (5, 10] ha","hectare",36,5.4,{"v":8.06,"d":"8.1"},9.7,290.1]
["Área das UPAs com (10, 20] ha","hectare",31,10.7,{"v":13.85,"d":"13.9"},18.9,429.3]
["Área das UPAs com (20, 50] ha","hectare",26,{"v":21,"d":"21.0"},{"v":32.89,"d":"32.9"},48.4,855.2]
["Área das UPAs com (50, 100] ha","hectare",14,{"v":52,"d":"52.0"},{"v":66.84,"d":"66.8"},{"v":97,"d":"97.0"},935.8]
["Área das UPAs com (100, 200] ha","hectare",7,105.2,{"v":135.79,"d":"135.8"},191.5,950.5]
["Área das UPAs com (200, 500] ha","hectare",6,234.7,{"v":275.85,"d":"275.9"},{"v":361,"d":"361.0"},{"v":1655.1,"d":"1,655.1"}]
["Área das UPAs com (500, 1.000] ha","hectare",1,501.4,501.4,501.4,501.4]
["Área das UPAs com (1.000, 2.000] ha","hectare","-","-","-","-","-"]
["Área das UPAs com (2.000, 5.000] ha","hectare","-","-","-","-","-"]
["Área das UPAs com (5.000, 10.000] ha","hectare","-","-","-","-","-"]
["Área das UPAs acima de 10.000 ha","hectare","-","-","-","-","-"]
["Familiares do proprietário que trabalham na UPA","unidade",86,{"v":1,"d":"1.0"},1.8,{"v":11,"d":"11.0"},{"v":155,"d":"155.0"}]
["Trabalhadores permanentes","unidade",82,{"v":1,"d":"1.0"},{"v":4.13,"d":"4.1"},{"v":84,"d":"84.0"},{"v":339,"d":"339.0"}]
["Fonte: Secretaria de Agricultura e Abastecimento, CDRS/IEA, Projeto LUPA."]
[]
["TABELA 501.2 - Explorações Animais, Município de Salto, Estado de São Paulo, 2007/08."]
["ITEM","UNIDADE","N.DE UPAs","MÍNIMO","MÉDIO","MÁXIMO","TOTAL"]
["Asininos E Muares","cabeças",8,{"v":1,"d":"1.0"},{"v":2.13,"d":"2.1"},{"v":8,"d":"8.0"},{"v":17,"d":"17.0"}]
["Avicultura de Corte","cabeças/ano",2,{"v":330000,"d":"330,000.0"},{"v":570000,"d":"570,000.0"},{"v":810000,"d":"810,000.0"},{"v":1140000,"d":"1,140,000.0"}]
["Bovinocultura de Corte","cabeças",21,{"v":4,"d":"4.0"},{"v":105.38,"d":"105.4"},{"v":401,"d":"401.0"},{"v":2213,"d":"2,213.0"}]
["Bovinocultura Leiteira","cabeças",3,{"v":4,"d":"4.0"},{"v":9.67,"d":"9.7"},{"v":20,"d":"20.0"},{"v":29,"d":"29.0"}]
["Bovinocultura Mista","cabeças",60,{"v":2,"d":"2.0"},{"v":25.03,"d":"25.0"},{"v":147,"d":"147.0"},{"v":1502,"d":"1,502.0"}]
["Capivaras (Criadouro)","cabeças",1,{"v":3,"d":"3.0"},{"v":3,"d":"3.0"},{"v":3,"d":"3.0"},{"v":3,"d":"3.0"}]
["Caprinocultura","cabeças",2,{"v":25,"d":"25.0"},72.5,{"v":120,"d":"120.0"},{"v":145,"d":"145.0"}]
["Equinocultura","cabeças",45,{"v":1,"d":"1.0"},{"v":6.09,"d":"6.1"},{"v":29,"d":"29.0"},{"v":274,"d":"274.0"}]
["Ovinocultura","cabeças",8,{"v":5,"d":"5.0"},{"v":42.88,"d":"42.9"},{"v":150,"d":"150.0"},{"v":343,"d":"343.0"}]
["Suinocultura","cabeças",2,{"v":20,"d":"20.0"},{"v":35,"d":"35.0"},{"v":50,"d":"50.0"},{"v":70,"d":"70.0"}]
["Fonte: Secretaria de Agricultura e Abastecimento, CDRS/IEA, Projeto LUPA."]
[]
["TABELA 501.3 -  Máquinas, Implementos e Benfeitorias, Município de Salto, Estado de São Paulo, 2007/08."]
["ITEM","UNIDADE","N.DE UPAs","MÍNIMO","MÉDIO","MÁXIMO","TOTAL"]
["Arado Comum (Bacia, Aiveca)","Unidade",26,{"v":1,"d":"1.0"},{"v":1.19,"d":"1.2"},{"v":3,"d":"3.0"},{"v":31,"d":"31.0"}]
["Arado Escarificador","Unidade",16,{"v":1,"d":"1.0"},{"v":1.25,"d":"1.3"},{"v":4,"d":"4.0"},{"v":20,"d":"20.0"}]
["Arado Subsolador","Unidade",9,{"v":1,"d":"1.0"},{"v":1.22,"d":"1.2"},{"v":2,"d":"2.0"},{"v":11,"d":"11.0"}]
["Batedeira de Cereais","Unidade",3,{"v":1,"d":"1.0"},{"v":1,"d":"1.0"},{"v":1,"d":"1.0"},{"v":3,"d":"3.0"}]
["Câmara Fria","Unidade",2,{"v":1,"d":"1.0"},{"v":1,"d":"1.0"},{"v":1,"d":"1.0"},{"v":2,"d":"2.0"}]
["Colhedeira Acoplada","Unidade",1,{"v":1,"d":"1.0"},{"v":1,"d":"1.0"},{"v":1,"d":"1.0"},{"v":1,"d":"1.0"}]
["Colhedeira Automotriz","Unidade",2,{"v":1,"d":"1.0"},{"v":1,"d":"1.0"},{"v":1,"d":"1.0"},{"v":2,"d":"2.0"}]
["Computador","Unidade",6,{"v":1,"d":"1.0"},{"v":1,"d":"1.0"},{"v":1,"d":"1.0"},{"v":6,"d":"6.0"}]
["Conj.Irrigação Autopropelido","Unidade",2,{"v":1,"d":"1.0"},{"v":1,"d":"1.0"},{"v":1,"d":"1.0"},{"v":2,"d":"2.0"}]
["Conj.Irrigação Convencional","Unidade",13,{"v":1,"d":"1.0"},{"v":1.08,"d":"1.1"},{"v":2,"d":"2.0"},{"v":14,"d":"14.0"}]
["Conj.Irrigação/Gotejamento/Microaspersão","Unidade",4,{"v":1,"d":"1.0"},{"v":3.25,"d":"3.3"},{"v":7,"d":"7.0"},{"v":13,"d":"13.0"}]
["Conjunto de Fenação","Unidade",1,{"v":1,"d":"1.0"},{"v":1,"d":"1.0"},{"v":1,"d":"1.0"},{"v":1,"d":"1.0"}]
["Desintegrador de Palha (Plantio Direto)","Unidade",2,{"v":1,"d":"1.0"},{"v":1,"d":"1.0"},{"v":1,"d":"1.0"},{"v":2,"d":"2.0"}]
["Desintegrador, Picador, Triturador","Unidade",55,{"v":1,"d":"1.0"},{"v":1.09,"d":"1.1"},{"v":2,"d":"2.0"},{"v":60,"d":"60.0"}]
["Distribuidor de Calcário","Unidade",4,{"v":1,"d":"1.0"},{"v":1,"d":"1.0"},{"v":1,"d":"1.0"},{"v":4,"d":"4.0"}]
["Ensiladeira","Unidade",4,{"v":1,"d":"1.0"},{"v":1.25,"d":"1.3"},{"v":2,"d":"2.0"},{"v":5,"d":"5.0"}]
["Grade Aradora (Tipo Romi)","Unidade",9,{"v":1,"d":"1.0"},{"v":1.22,"d":"1.2"},{"v":3,"d":"3.0"},{"v":11,"d":"11.0"}]
["Grade Niveladora","Unidade",32,{"v":1,"d":"1.0"},{"v":1.13,"d":"1.1"},{"v":4,"d":"4.0"},{"v":36,"d":"36.0"}]
["Implementos para Tração Animal","Unidade",1,{"v":1,"d":"1.0"},{"v":1,"d":"1.0"},{"v":1,"d":"1.0"},{"v":1,"d":"1.0"}]
["Microtrator","Unidade",12,{"v":1,"d":"1.0"},{"v":1.08,"d":"1.1"},{"v":2,"d":"2.0"},{"v":13,"d":"13.0"}]
["Misturador de Ração","Unidade",4,{"v":1,"d":"1.0"},1.5,{"v":2,"d":"2.0"},{"v":6,"d":"6.0"}]
["Ordenhadeira Mecânica","Unidade",5,{"v":1,"d":"1.0"},{"v":1,"d":"1.0"},{"v":1,"d":"1.0"},{"v":5,"d":"5.0"}]
["Pulverizador Tratorizado","Unidade",8,{"v":1,"d":"1.0"},{"v":1.25,"d":"1.3"},{"v":2,"d":"2.0"},{"v":10,"d":"10.0"}]
["Resfriador de Leite, Tanque Expansão","Unidade",2,{"v":1,"d":"1.0"},{"v":1,"d":"1.0"},{"v":1,"d":"1.0"},{"v":2,"d":"2.0"}]
["Semeadeira/Adubadeira para Plantio Convencional","Unidade",3,{"v":1,"d":"1.0"},{"v":1,"d":"1.0"},{"v":1,"d":"1.0"},{"v":3,"d":"3.0"}]
["Semeadeira/Plantadeira Plantio Direto","Unidade",3,{"v":1,"d":"1.0"},{"v":1,"d":"1.0"},{"v":1,"d":"1.0"},{"v":3,"d":"3.0"}]
["Trator de Esteiras","Unidade",2,{"v":1,"d":"1.0"},1.5,{"v":2,"d":"2.0"},{"v":3,"d":"3.0"}]
["Trator de Pneus","Unidade",55,{"v":1,"d":"1.0"},{"v":1.53,"d":"1.5"},{"v":7,"d":"7.0"},{"v":84,"d":"84.0"}]
["Açude/Represa","Unidade",52,{"v":1,"d":"1.0"},{"v":1.52,"d":"1.5"},{"v":9,"d":"9.0"},{"v":79,"d":"79.0"}]
["Almoxarifado/Oficina","Unidade",16,{"v":1,"d":"1.0"},{"v":1.31,"d":"1.3"},{"v":3,"d":"3.0"},{"v":21,"d":"21.0"}]
["Armazém para Grãos Ensacados","Sacas",2,{"v":1,"d":"1.0"},{"v":1,"d":"1.0"},{"v":1,"d":"1.0"},{"v":2,"d":"2.0"}]
["Balança para Bovinos","Unidade",3,{"v":1,"d":"1.0"},{"v":1,"d":"1.0"},{"v":1,"d":"1.0"},{"v":3,"d":"3.0"}]
["Balança para Veículos","Unidade",2,{"v":1,"d":"1.0"},{"v":1,"d":"1.0"},{"v":1,"d":"1.0"},{"v":2,"d":"2.0"}]
["Barracão para Granja/Avicultura","Unidade",3,{"v":1,"d":"1.0"},{"v":4.33,"d":"4.3"},{"v":9,"d":"9.0"},{"v":13,"d":"13.0"}]
["Barracão/Galpão/Garagem","Unidade",69,{"v":1,"d":"1.0"},{"v":1.54,"d":"1.5"},{"v":6,"d":"6.0"},{"v":106,"d":"106.0"}]
["Casa de Moradia Habitada","Unidade",105,{"v":1,"d":"1.0"},{"v":2.58,"d":"2.6"},{"v":25,"d":"25.0"},{"v":271,"d":"271.0"}]
["Casa de Moradia Total","Unidade",93,{"v":1,"d":"1.0"},{"v":3.11,"d":"3.1"},{"v":25,"d":"25.0"},{"v":289,"d":"289.0"}]
["Curral/Mangueira","Unidade",49,{"v":1,"d":"1.0"},{"v":1.16,"d":"1.2"},{"v":6,"d":"6.0"},{"v":57,"d":"57.0"}]
["Depósito/Tulha","Unidade",14,{"v":1,"d":"1.0"},{"v":1.43,"d":"1.4"},{"v":5,"d":"5.0"},{"v":20,"d":"20.0"}]
["Estábulo","Unidade",10,{"v":1,"d":"1.0"},1.9,{"v":7,"d":"7.0"},{"v":19,"d":"19.0"}]
["Estufa/Plasticultura","m²",6,{"v":130,"d":"130.0"},{"v":8305,"d":"8,305.0"},{"v":35000,"d":"35,000.0"},{"v":49830,"d":"49,830.0"}]
["Fábrica de Ração","Unidade",3,{"v":1,"d":"1.0"},{"v":1,"d":"1.0"},{"v":1,"d":"1.0"},{"v":3,"d":"3.0"}]
["Instalações para Equinos","Unidade",22,{"v":1,"d":"1.0"},{"v":3.09,"d":"3.1"},{"v":15,"d":"15.0"},{"v":68,"d":"68.0"}]
["Olaria","Unidade",1,{"v":1,"d":"1.0"},{"v":1,"d":"1.0"},{"v":1,"d":"1.0"},{"v":1,"d":"1.0"}]
["Packing House","Unidade",2,{"v":1,"d":"1.0"},{"v":1,"d":"1.0"},{"v":1,"d":"1.0"},{"v":2,"d":"2.0"}]
["Pocilga","Unidade",7,{"v":1,"d":"1.0"},{"v":1,"d":"1.0"},{"v":1,"d":"1.0"},{"v":7,"d":"7.0"}]
["Poço Semi-Artesiano","Unidade",26,{"v":1,"d":"1.0"},{"v":1.12,"d":"1.1"},{"v":3,"d":"3.0"},{"v":29,"d":"29.0"}]
["Silo para Silagem","t",5,{"v":1,"d":"1.0"},648.2,{"v":2000,"d":"2,000.0"},{"v":3241,"d":"3,241.0"}]
["Terreiro","m²",3,{"v":250,"d":"250.0"},{"v":433.33,"d":"433.3"},{"v":800,"d":"800.0"},{"v":1300,"d":"1,300.0"}]
["Fonte: Secretaria de Agricultura e Abastecimento, CDRS/IEA, Projeto LUPA."]
[]
["TABELA 501.4 - Outras Estatísticas Agrícolas, Município de Salto, Estado de São Paulo, 2007/08."]
["ITEM","Número de UPAs",null,"Percentual"]
["Faz Parte de Associação de Produtores",21,null,{"v":13.291139240506329,"d":"13.3"}]
["Faz Parte de Cooperativa de Produtores",37,null,{"v":23.417721518987342,"d":"23.4"}]
["Faz Parte do Sindicato de Produtores",37,null,{"v":23.417721518987342,"d":"23.4"}]
["Não utiliza assistência técnica ",56,null,{"v":35.44303797468354,"d":"35.4"}]
["Utiliza somente assistência técnica governamental ",80,null,{"v":50.63291139240506,"d":"50.6"}]
["Utiliza somente assistência técnica privada ",15,null,{"v":9.49367088607595,"d":"9.5"}]
["Utiliza assistência técnica tanto governamental quanto privada",7,null,{"v":4.430379746835443,"d":"4.4"}]
["Utiliza Crédito Rural",10,null,{"v":6.329113924050633,"d":"6.3"}]
["Utiliza Seguro Rural",2,null,{"v":1.2658227848101267,"d":"1.3"}]
["Utiliza Escrituração Agrícola",42,null,{"v":26.582278481012658,"d":"26.6"}]
["Acessa Internet p/ Fins na Agropecuária",19,null,{"v":12.0253164556962,"d":"12.0"}]
["Utiliza Computador nas Atividades Agropecuárias",14,null,{"v":8.860759493670885,"d":"8.9"}]
["Utiliza Energia Elétrica Para Uso na Atividade Agrícola",142,null,{"v":89.87341772151898,"d":"89.9"}]
["Realiza Análise de Solo, quando necessário",27,null,{"v":17.088607594936708,"d":"17.1"}]
["Utiliza Práticas de Conservação de Solo, quando necessário",93,null,{"v":58.860759493670884,"d":"58.9"}]
["Faz Adubação Mineral, quando necessário",98,null,{"v":62.025316455696206,"d":"62.0"}]
["Faz Adubação Orgânica, quando necessário",95,null,{"v":60.12658227848101,"d":"60.1"}]
["Faz Adubação Verde, quando necessário",10,null,{"v":6.329113924050633,"d":"6.3"}]
["Utiliza Manejo Integrado de Pragas (MIP)","-",null,"-"]
["Utiliza Hidroponia",1,null,{"v":0.6329113924050633,"d":"0.6"}]
["Utiliza Plasticultura",5,null,{"v":3.1645569620253164,"d":"3.2"}]
["Utiliza Mudas Fiscalizadas",13,null,{"v":8.227848101265822,"d":"8.2"}]
["Utiliza Semente Melhorada",42,null,{"v":26.582278481012658,"d":"26.6"}]
["Faz Confinamento de Bovinos",1,null,{"v":0.6329113924050633,"d":"0.6"}]
["Utiliza Pastejo Intensivo",74,null,{"v":46.835443037974684,"d":"46.8"}]
["Faz Inseminação Artificial",3,null,{"v":1.89873417721519,"d":"1.9"}]
["Faz Mineralização do Rebanho",79,null,{"v":50,"d":"50.0"}]
["Faz Vermifugação do Rebanho",82,null,{"v":51.89873417721519,"d":"51.9"}]
["Possui Parceiros /Arrendatários na Exploração Animal",26,null,{"v":16.455696202531644,"d":"16.5"}]
["Esporte e lazer",5,null,{"v":3.1645569620253164,"d":"3.2"}]
["Extração mineral",1,null,{"v":0.6329113924050633,"d":"0.6"}]
["Hotel Fazenda, Pousada ou SPA","-",null,"-"]
["Pesque-pague",4,null,{"v":2.5316455696202533,"d":"2.5"}]
["Restaurante ou Lanchonete",4,null,{"v":2.5316455696202533,"d":"2.5"}]
["Transformação artesanal",1,null,{"v":0.6329113924050633,"d":"0.6"}]
["Turismo rural ou ecoturismo",1,null,{"v":0.6329113924050633,"d":"0.6"}]
["Outras atividades econômicas rurais",5,null,{"v":3.1645569620253164,"d":"3.2"}]
["Agroindústria",3,null,{"v":1.89873417721519,"d":"1.9"}]
["Proprietário sem instrução ou com instrução incompleta",3,null,{"v":1.89873417721519,"d":"1.9"}]
["Proprietário com antigo primário completo",54,null,{"v":34.177215189873415,"d":"34.2"}]
["Proprietário com 1° grau (ou antigo ginasial) completo",26,null,{"v":16.455696202531644,"d":"16.5"}]
["Proprietário com 2° grau (ou antigo colegial) completo",30,null,{"v":18.9873417721519,"d":"19.0"}]
["Proprietário com curso superior completo ",40,null,{"v":25.31645569620253,"d":"25.3"}]
["Pessoa Jurídica",5,null,{"v":3.1645569620253164,"d":"3.2"}]
["Proprietário residente na própria UPA ",35,null,{"v":22.151898734177212,"d":"22.2"}]
["Fonte: Secretaria de Agricultura e Abastecimento, CDRS/IEA, Projeto LUPA."]
[]
["TABELA 501.5 - Área Cultivada, Município de Salto, Estado de São Paulo, 2007/08."]
["CULTURA","N.DE UPAs","MÍNIMO","MÉDIO","MÁXIMO","TOTAL"]
["Braquiaria",96,0.3,{"v":25.53,"d":"25.5"},347.4,{"v":2450.6,"d":"2,450.6"}]
["Cana-de-acucar",41,0.5,{"v":32.73,"d":"32.7"},{"v":214,"d":"214.0"},{"v":1342.1,"d":"1,342.1"}]
["Eucalipto",23,0.5,{"v":12.07,"d":"12.1"},{"v":121,"d":"121.0"},277.5]
["Milho",20,0.3,{"v":13.65,"d":"13.7"},{"v":52,"d":"52.0"},272.9]
["Viveiro de flores e ornamentais",2,{"v":30,"d":"30.0"},39.2,48.4,78.4]
["Outras gramineas para pastagem",8,1.3,{"v":9.04,"d":"9.0"},17.2,72.3]
["Uva rustica",12,0.2,{"v":3.38,"d":"3.4"},{"v":12,"d":"12.0"},40.6]
["Capim-napier (ou capim-elefante)",23,0.1,1.6,{"v":6,"d":"6.0"},36.9]
["Feijao",1,{"v":32,"d":"32.0"},{"v":32,"d":"32.0"},{"v":32,"d":"32.0"},{"v":32,"d":"32.0"}]
["Berinjela",6,0.1,{"v":3.68,"d":"3.7"},{"v":15,"d":"15.0"},22.1]
["Girassol",1,{"v":20,"d":"20.0"},{"v":20,"d":"20.0"},{"v":20,"d":"20.0"},{"v":20,"d":"20.0"}]
["Sorgo",1,{"v":17,"d":"17.0"},{"v":17,"d":"17.0"},{"v":17,"d":"17.0"},{"v":17,"d":"17.0"}]
["Gramas",5,{"v":1,"d":"1.0"},{"v":3.18,"d":"3.2"},{"v":7,"d":"7.0"},15.9]
["Mandioca",5,0.2,1.5,3.6,7.5]
["Floricultura para corte",1,7.5,7.5,7.5,7.5]
["Acerola (ou cereja-das-antilhas)",1,{"v":6,"d":"6.0"},{"v":6,"d":"6.0"},{"v":6,"d":"6.0"},{"v":6,"d":"6.0"}]
["Maracuja",2,{"v":1,"d":"1.0"},2.5,{"v":4,"d":"4.0"},{"v":5,"d":"5.0"}]
["Outras olericolas",6,0.1,{"v":0.77,"d":"0.8"},1.9,4.6]
["Pomar domestico",3,{"v":1,"d":"1.0"},1.5,{"v":2,"d":"2.0"},4.5]
["Alface",5,0.1,{"v":0.58,"d":"0.6"},{"v":2,"d":"2.0"},2.9]
["Lichia",3,0.5,{"v":0.83,"d":"0.8"},{"v":1,"d":"1.0"},2.5]
["Pessego",1,2.5,2.5,2.5,2.5]
["Cafe",2,0.5,{"v":1,"d":"1.0"},1.5,{"v":2,"d":"2.0"}]
["Couve (ou couve-crespa)",3,0.1,{"v":0.53,"d":"0.5"},{"v":1,"d":"1.0"},1.6]
["Ervas medicinais e aromaticas",1,1.5,1.5,1.5,1.5]
["Uva para Indústria",1,1.5,1.5,1.5,1.5]
["Pimentao",3,0.1,{"v":0.47,"d":"0.5"},{"v":1,"d":"1.0"},1.4]
["Laranja",2,0.2,0.6,{"v":1,"d":"1.0"},1.2]
["Morango",1,0.8,0.8,0.8,0.8]
["Cebolinha",2,0.1,0.3,0.5,0.6]
["Jilo",1,0.5,0.5,0.5,0.5]
["Coco-da-baia",1,0.3,0.3,0.3,0.3]
["Chicoria (ou chicoria-de-folha-crespa)",2,0.1,{"v":0.15,"d":"0.2"},0.2,0.3]
["Tangerina",1,0.3,0.3,0.3,0.3]
["Jabuticaba",1,0.2,0.2,0.2,0.2]
["Chuchu",2,0.1,0.1,0.1,0.2]
["Cebola",1,0.2,0.2,0.2,0.2]
["Couve-flor",1,0.2,0.2,0.2,0.2]
["Cenoura",1,0.1,0.1,0.1,0.1]
["Melao",1,0.1,0.1,0.1,0.1]
["Beterraba",1,0.1,0.1,0.1,0.1]
["Abobora (ou jerimum)",1,0.1,0.1,0.1,0.1]
["Tomate envarado",1,0.1,0.1,0.1,0.1]
["Melancia",1,0.1,0.1,0.1,0.1]
["Pepino",1,0.1,0.1,0.1,0.1]
["Acelga",1,0.1,0.1,0.1,0.1]
["Brocolos (ou brocolis)",1,0.1,0.1,0.1,0.1]
["Cogumelo",1,0.1,0.1,0.1,0.1]
["Fonte: Secretaria de Agricultura e Abastecimento, CDRS/IEA, Projeto LUPA."]